| 000 | 01934cam a22003737a 4500 | ||
|---|---|---|---|
| 001 | 17150495 | ||
| 005 | 20131204140922.0 | ||
| 006 | a|||||r|||| 00| 0 | ||
| 007 | ta | ||
| 008 | 120206t2013 xxua fr 001 0 eng d | ||
| 010 | _a2012359623 | ||
| 020 | _a1430249358 | ||
| 020 | _a9781430249351 (pbk) | ||
| 020 | _a9781430249368 (electronic) | ||
| 050 | 0 | 0 |
_aQA76.73.C154 _bC5 2011 |
| 082 | 0 | 4 |
_a005.133 _222 _bCLA |
| 100 | 1 |
_aClark, Dan, _d1963- _934419 |
|
| 245 | 1 | 0 |
_aBeginning C# object-oriented programming / _cDan Clark. |
| 246 | 3 | 0 | _aC# object-oriented programming |
| 246 | 3 | 5 | _aLearn to design and develop modern applications in C# |
| 250 | _a2nd ed. | ||
| 260 |
_aNew York, United States : _bApress, _cc.2013 |
||
| 300 |
_axvi, 362 p. : _bill. ; _c24 cm. |
||
| 490 | 1 |
_aThe expert's voice in C# _934536 |
|
| 500 | _aIncludes appendix. | ||
| 500 | _aIncludes index. | ||
| 505 | 0 | _aContents : Introduction-Overview of object-oriented programming-Designing OOP solutions : identifying the class structure-Designing OOP solutions : modeling the object interaction-Designing OOP solutions : a case study-Introducing the .NET Framework and Visual Studio-Creating classes-Creating class hierarchies-Implementing object collaboration-Working with collections-Implementing the data access layer-Developing Windows applications-Developing web applications-Developing and consuming WCF services-Developing the OSO application-Wrapping up-Appendix A: Fundamental programming concepts-Appendix B : Exception handling in C#-Appendix C : Installing the required software. | |
| 520 | 0 | _aDesign and develop cutting-edge applications in C# using proven object-oriented methodologies and best practices-Cover. | |
| 650 | 0 |
_aC# (Computer program language) _934420 |
|
| 653 |
_bCS _cNovember2013 _cDecember2013 |
||
| 655 |
_vreading book _934232 |
||
| 830 | 4 |
_aThe expert's voice in C# _934536 |
|
| 942 |
_2ddc _cBB _k005.133 CLA |
||
| 999 |
_c17746 _d17718 |
||